000 00466nam a2200181Ia 4500
001 5078
005 20260306145842.0
008 260306t2013||||xx |||||||||||||| ||spa||
041 _aESP
082 _a332.678
_bR76
100 _aRodríguez Sandiás, Alfonso
_eAUT
245 0 _aModelos de análisis y valoración de proyector de inversión
260 _c2013
300 _a311 páginas :
_c24 cm.
650 _aGEN
654 _aCAN
942 _cLIB
_dJUS
_fJUS
_2ddc
_n
999 _c5078
_d5078